Signal processing and linear systems (Record no. 1319)

000 -LEADER
fixed length control field 00543nam a2200205 a 4500
001 - CONTROL NUMBER
control field 1319
003 - CONTROL NUMBER IDENTIFIER
control field BD-DhUET
008 - FIXED-LENGTH DATA ELEMENTS--GENERAL INFORMATION
fixed length control field 980109s1998 caua b 001 0 eng
020 ## - INTERNATIONAL STANDARD BOOK NUMBER
International Standard Book Number 0941413357
040 ## - CATALOGING SOURCE
Original cataloging agency DLC
Transcribing agency DLC
Modifying agency BD-DhUET
082 00 - DEWEY DECIMAL CLASSIFICATION NUMBER
Classification number 623.22
Item number LAT/1998
100 ## - MAIN ENTRY--PERSONAL NAME
Personal name Lathi B. P.
245 10 - TITLE STATEMENT
Title Signal processing and linear systems
250 ## - EDITION STATEMENT
Edition statement 1st ed
260 ## - PUBLICATION, DISTRIBUTION, ETC. (IMPRINT)
Place of publication, distribution, etc. New York
Name of publisher, distributor, etc. Oxford University Press
Date of publication, distribution, etc. 1998
300 ## - PHYSICAL DESCRIPTION
Extent x, 850 p.
Other physical details ill.
Dimensions 24 cm.
504 ## - BIBLIOGRAPHY, ETC. NOTE
Bibliography, etc Includes bibliographies
650 #0 - SUBJECT ADDED ENTRY--TOPICAL TERM
Topical term or geographic name as entry element Digital signal processing
942 ## - ADDED ENTRY ELEMENTS (KOHA)
Koha item type General Book
Holdings
Shelving location Koha issues (times borrowed) Withdrawn status Koha renewals Price effective from Lost status Koha full call number Source of classification or shelving scheme Koha date last borrowed Sublocation or collection (holding branch) Copy number Date acquired Piece designation (barcode) Not for loan Koha item type Location (home branch) Koha normalized classification for sorting Koha date last seen Damaged status
Circulation section  22014-09-03 623.22/LAT/1998  Central Library, BUET12014-09-03103856 General BookCentral Library, BUET623_000000000000000_22LAT19982019-09-14 
Circulation section   2014-09-03 623.22/LAT/1998  Central Library, BUET22014-09-03103857 General BookCentral Library, BUET623_000000000000000_22LAT19982014-09-03 
Circulation section1  2014-09-03 623.22/LAT/1998 2015-06-13Central Library, BUET32014-09-03103859 General BookCentral Library, BUET623_220000000000000_LAT_19982017-08-19 
Circulation section1  2014-09-03 623.22/LAT/1998 2015-10-20Central Library, BUET42014-09-03103860 General BookCentral Library, BUET623_000000000000000_22LAT19982017-01-08 
Circulation section1  2014-09-03 623.22/LAT/1998 2015-05-25Central Library, BUET52014-09-03103863 General BookCentral Library, BUET623_000000000000000_22LAT19982017-04-11 
Circulation section1  2014-09-03 623.22/LAT/1998 2015-05-25Central Library, BUET62014-09-03103864 General BookCentral Library, BUET623_000000000000000_22LAT19982017-06-13 
Circulation section   2014-09-03 623.22/LAT/1998  Central Library, BUET72014-09-03103865 General BookCentral Library, BUET623_000000000000000_22LAT19982017-08-20 
Circulation section   2014-11-18 623.22/LAT/1998  Central Library, BUET82014-11-18103858 General BookCentral Library, BUET623_000000000000000_22LAT19982017-10-10 
Circulation section1  2014-12-02 623.22 LAT/1998 2017-04-18Central Library, BUET92014-12-02103861 General BookCentral Library, BUET623_220000000000000_LAT19982017-05-31 
Circulation section  22015-06-03 623.22/LAT/1998  Central Library, BUET102015-06-03100035 General BookCentral Library, BUET623_220000000000000_LAT_19982017-02-06 
Circulation section2  2017-10-31 623.22/LAT/1998 2025-09-07Central Library, BUET112007-05-28103862 General BookCentral Library, BUET623_220000000000000_LAT_19982025-09-17